"A hangnak belülről kell megszólalnia..." Makó karácsonyi koncertje előtt /
Elmentve itt :
| Szerző: | |
|---|---|
| Dokumentumtípus: | Cikk |
| Megjelent: |
1993-01-04
|
| Sorozat: | Délmagyarország
83 No. 2 |
| Kulcsszavak: | Mihálka György |
| Online Access: | http://dmarchiv.bibl.u-szeged.hu/97412 |
| LEADER | 00497nab a2200157 i 4500 | ||
|---|---|---|---|
| 001 | delm97412 | ||
| 005 | 20191008132113.0 | ||
| 008 | 191008s1993 hu o 0|| hun d | ||
| 040 | |a SZTE Délmagyarország Archívum |b hun | ||
| 041 | |a hun | ||
| 100 | 1 | |a Oláh Nóra | |
| 245 | 1 | 0 | |a "A hangnak belülről kell megszólalnia..." |h [elektronikus dokumentum] : |b Makó karácsonyi koncertje előtt / |c Oláh Nóra |
| 260 | |c 1993-01-04 | ||
| 300 | |a 5 | ||
| 490 | 0 | |a Délmagyarország |v 83 No. 2 | |
| 695 | |a Mihálka György | ||